| 000 | 00503nam a2200205Ia 4500 | ||
|---|---|---|---|
| 003 | OSt | ||
| 005 | 20140311163112.0 | ||
| 008 | 140130s9999 xx 000 0 und d | ||
| 020 | _a0590539515 | ||
| 050 |
_aPZ 7 _b.C67346Mo 1995 |
||
| 100 |
_aCole, Joanna _94006 |
||
| 245 |
_aMonster manners / _cCole, Joanna. |
||
| 260 |
_bScholastic, _c1995. _aNew York : |
||
| 300 |
_bcol. ill. ; _c26 cm. |
||
| 440 |
_v1 _930889 |
||
| 521 | _aG3 | ||
| 526 | _c520 | ||
| 942 |
_cBK-SCHOLAS _2lcc |
||
| 999 |
_c40585 _d40585 |
||